000 00939aam a2200277 i 4500
001 408
003 CO-MdBIC
005 20210828103055.0
008 210828t2002 ck abcd| |||| 00| 0 eng d
020 _a958-706-000-8
040 _bspa.
_aCO-MdFUSB
_cCO-MdFUSB
_dCO-MdFUSBC
_erda
041 _aspa
082 0 4 _aR 925 B852g
100 1 _aBridgman, Roger
245 1 0 _aGenial 1000 inventos y descubrimientos : Tres millones de años de creatividad y curiosidad del ser humano / Roger Bridman; Casa Editorial El Tiempo, Beatriz Vásquez Gómez, Dirección general.
_c/
260 _aBogotá, Colombia : Casa Editorial El Tiempo
264 1 _aBogotá, Colombia :
_bCasa Editorial El Tiempo,
_c[2002]
264 4 _c© 2002
300 _a272 Pag.
_c;
336 _2rdacontent
_atexto
_btxt
337 _2rdamedia
_asin mediación
_bn
338 _2rdacarrier
_avolumen
_bnc
653 _aInventos
942 _cBK
945 _aEstudiante
999 _c31938
_d31938